Massachusetts, Colony to Commonwealth : (Record no. 64710)
[ view plain ]
| 000 -LEADER | |
|---|---|
| fixed length control field | 00969nam a2200265 a 4500 |
| 001 - CONTROL NUMBER | |
| control field | 64710 |
| 003 - CONTROL NUMBER IDENTIFIER | |
| rucl marc code | BD-RjUL |
| 005 - DATE AND TIME OF LATEST TRANSACTION | |
| control field | 20211209081336.0 |
| 008 - FIXED-LENGTH DATA ELEMENTS--GENERAL INFORMATION | |
| fixed length control field | 170219s1961 nyub 000 0 eng d |
| 020 ## - INTERNATIONAL STANDARD BOOK NUMBER | |
| International Standard Book Number | 393093964 |
| 035 ## - SYSTEM CONTROL NUMBER | |
| System control number | (BD-RjUL)64840 |
| 040 ## - CATALOGING SOURCE | |
| Original cataloging agency | DLC |
| Transcribing agency | DLC |
| Language of cataloging | eng |
| Modifying agency | BD-RjUL |
| 041 ## - LANGUAGE CODE | |
| Language code of text/sound track or separate title | eng |
| 082 ## - DEWEY DECIMAL CLASSIFICATION NUMBER | |
| Classification number | 342.7449 |
| Edition number | 23 |
| Author mark and year | MAS 1972 |
| 245 00 - TITLE STATEMENT | |
| Title | Massachusetts, Colony to Commonwealth : |
| Remainder of title | documents on the formation of the constitution, 1775-1780 / |
| Statement of responsibility, etc. | edited by Robert J. Taylor. |
| 260 ## - PUBLICATION, DISTRIBUTION, ETC. (IMPRINT) | |
| Place of publication, distribution, etc. | New York : |
| Name of publisher, distributor, etc. | W. W. Norton & Company, |
| Date of publication, distribution, etc. | 1972 |
| 300 ## - PHYSICAL DESCRIPTION | |
| Pagination | viii, 166 p. : |
| Illustrations | ill. ; |
| Size | 24 cm. |
| 490 ## - SERIES STATEMENT | |
| Series statement | Documentary problems in early American history |
| 650 #0 - SUBJECT ADDED ENTRY--TOPICAL TERM | |
| Topical term or geographic name as entry element | Constitutional law |
| Geographic subdivision | Massachusetts. |
| 9 (RLIN) | 191843 |
| Topical term or geographic name as entry element | Constitutional history |
| Geographic subdivision | Massachusetts. |
| 9 (RLIN) | 191844 |
| 700 1# - ADDED ENTRY--PERSONAL NAME | |
| Personal name | Taylor, Robert Joseph, |
| Dates associated with a name | 1917- |
| 710 12 - ADDED ENTRY--CORPORATE NAME | |
| Corporate name or jurisdiction name as entry element | Massachusetts. |
| Title of a work | Constitution. |
| 9 (RLIN) | 191846 |
| 830 ## - SERIES ADDED ENTRY--UNIFORM TITLE | |
| Uniform title | Documentary problems in early American history |
| 942 ## - ADDED ENTRY ELEMENTS (KOHA) | |
| Source of classification or shelving scheme | Dewey Decimal Classification |
| Koha item type | Books |
| Lost status | Source of classification or shelving scheme | Damaged status | Not for loan | Collection code | Permanent Location | Current Location | Shelving location | Date acquired | Source of acquisition | Total Checkouts | Full call number | Date last seen | Copy number | Koha item type |
|---|---|---|---|---|---|---|---|---|---|---|---|---|---|---|
| Dewey Decimal Classification | Not For Loan | Non-fiction | Central Library, University of Rajshahi | Central Library, University of Rajshahi | Reading Room | 20/09/1997 | Asia Foundation | 342.7449 MAS 1972 | 19/02/2017 | C-1 | Books |